00701nam a2200145Ia 4500008004100000020001800041100002500059245012700084260002700211650001200238650015500250856004100405999001900446952009000465171212s9999 xx 000 0 und d a9780833051462 aLambeth, Benjamin S. cLambeth, Benjamin S.aAir Operations in Israel's War Against HezbollahbLearning from Lebanon and Getting It Right in Gaza bRAND Corporationc2011 aHistory aLebanon War, 2006 -- Aerial operations, Israeli; Arab-Israeli conflict -- 1993 -- Aerial operations, Israeli; Israel. Hel ha-avir; Hizballah (Lebanon) uwww.jstor.org/stable/10.7249/mg835af c351694d351694 001040aCLbCLd2017-12-12l0oDS87.65L36 2011r2017-12-12 00:00:00w2017-12-12yCBE